| 000 | 01276nam0a22003251 4500 | ||
|---|---|---|---|
| 001 | rc\3797651 | ||
| 005 | 20250530054518.0 | ||
| 021 |
_aRU _b[75-11238и] |
||
| 035 | _a(NLR Aleph) 007254607 | ||
| 090 |
_a5241909 _c5241909 |
||
| 100 | _a20120311d1975 |||y0rusy50 ca | ||
| 101 | 0 |
_arus _aeng |
|
| 102 | _aRU | ||
| 105 | _aa z ||||| | ||
| 200 | 1 |
_aВетер в гриве _dHorses _eФотоальбом _fСпец. фотосъемка А. Шторха, А. Гидиримского _gАвт. текста И. Бобылев |
|
| 210 |
_aМосква _cПланета _d1975 |
||
| 215 |
_a223 с. _cил. _d28х26 |
||
| 300 | _aПодписи парал. на рус. и англ. | ||
| 510 | 0 |
_aHorses _zeng |
|
| 606 |
_aКонный спорт в СССР _jФотоальбомы _2psbo |
||
| 606 |
_aКоневодство в СССР _jФотоальбомы _2psbo |
||
| 702 | 1 |
_aГидиримский _bА. _4440 |
|
| 702 | 1 |
_4440 _7ca _8rus _aШторх _bА. С. _f1937-2014 _gАлексей Сергеевич _9268530 _3RU\NLR\AUTH\770268586 |
|
| 702 | 1 |
_aБобылев _bИ. Ф. _gИгорь Федорович _4570 |
|
| 801 | 0 |
_aRU _bNLR _gpsbo |
|
| 801 | 1 |
_aRU _bELAR _2rusmarc |
|
| 852 |
_aNLR _jЭ АлЗо124/2-Л816 |
||
| 942 | _cBOOK | ||
| 980 | _aNB | ||